000 00468nam a2200157Ia 4500
008 230907s9999||||xx |||||||||||||| ||und||
082 _a621.31
_bBIL
100 _aMuhammad Bilal (00000321083)
_9116719
245 0 _aEarthing Analysis of High Voltage Laboratory at NUST /
260 _aUSPCAS-E, NUST,
_bIslamabad :
_c2022
300 _ax, 50p.
520 _aTH-388
650 _aMS-EEP Thesis MS Thesis
700 _aDr. Abraiz Khattak
_9117724
942 _cTHE
_2ddc
999 _c602066
_d602066